Na housle snadno a rychle : metodické povídky, úvahy, vzpomínky /

Hlavní autor: Slávik, Martin, 1949-
Jazyk: Čeština
Vydáno: Brno : Šimon Ryšavý, 2014
Témata:
Fyzický popis: 98 s. : noty ; 21 cm
Knihy
Uloženo v:
LEADER 02370cam a2200613 a 4500
001 nkc20142593487
003 CZ PrNK
005 20150914123606.0
007 ta
008 140429s2014 xr g e f 000 0acze d
015 |a cnb002593487 
020 |a 978-80-7354-128-6  |q (brož.)  |z 978-80-7354-128-9 
035 |a (OCoLC)894843161 
040 |a KLG001  |b cze  |d ABA001 
043 |a e-xr---  |a e-cs--- 
045 |a x-y1 
072 7 |a 78.07  |x Hudebníci, skladatelé a jiná hudební povolání  |2 Konspekt  |9 9 
072 7 |a 929  |x Biografie  |2 Konspekt  |9 8 
080 |a 787.1.071.2  |2 MRF 
080 |a 78.071.4  |2 MRF 
080 |a 929  |2 MRF 
080 |a 787.1.02  |2 MRF 
080 |a 78-027.22  |2 MRF 
080 |a (437.3)  |2 MRF 
080 |a (437)  |2 MRF 
080 |a (0:82-94)  |2 MRF 
080 |a (0.062)  |2 MRF 
100 1 |a Slávik, Martin,  |d 1949-  |7 xx0069056  |4 aut 
245 1 0 |a Na housle snadno a rychle :  |b metodické povídky, úvahy, vzpomínky /  |c Martin Slávik 
260 |a Brno :  |b Šimon Ryšavý,  |c 2014 
300 |a 98 s. :  |b noty ;  |c 21 cm 
504 |a Obsahuje bibliografii 
600 1 7 |a Slávik, Martin,  |d 1949-  |7 xx0069056  |2 czenas 
648 7 |a 20.-21. století  |7 ch462155  |2 czenas 
650 0 7 |a houslisté  |7 ph120841  |z Česko  |y 20.-21. století  |2 czenas 
650 0 7 |a hudební pedagogové  |7 ph120921  |z Česko  |y 20.-21. století  |2 czenas 
650 0 7 |a hra na housle  |7 ph135162  |2 czenas 
650 0 7 |a hudební život  |7 ph135177  |z Česko  |y 20.-21. století  |2 czenas 
650 0 7 |a hudební život  |7 ph135177  |z Československo  |2 czenas 
650 0 9 |a violinists  |z Czechia  |y 20th-21st centuries  |2 eczenas 
650 0 9 |a music teachers  |z Czechia  |y 20th-21st centuries  |2 eczenas 
650 0 9 |a violin playing  |2 eczenas 
650 0 9 |a musical life  |z Czechia  |y 20th-21st centuries  |2 eczenas 
650 0 9 |a musical life  |z Czechoslovakia  |2 eczenas 
655 7 |a autobiografické vzpomínky  |7 fd131854  |2 czenas 
655 7 |a populárně-naučné publikace  |7 fd131864  |2 czenas 
655 9 |a autobiographical reminiscences  |2 eczenas 
655 9 |a popular works  |2 eczenas 
910 2 |a BOA001  |b 2-1340.563 
990 |a BK 
995 |a 01 
991 |b 201503  |c NOV  |e n 
996 6 |b 2610623894  |c 2-1340.563  |l MZK  |r Sklad / do 1 hodiny  |n 0  |p p.v.  |w 001492450  |u 000010  |a 1  |e BOA001  |j MZK50  |s P 
996 7 |b 2610623895  |c 2-1340.563  |l MZK  |r Sklad / do 1 hodiny  |n 6  |p p.v.  |w 001492450  |u 000020  |a 1  |e BOA001  |j MZK50  |s A